000 00343 a2200121 4500
001 ART_40427
005 20260410161942.0
008 260409a
245 1 0 _a¿El fin del baremo?
100 1 _aChara, María J.
700 1 _aJuárez Campos, Nicolás
773 0 _tTemas de derecho laboral
_g- Nº 10 (oct. 2016)
_wREV27619
999 _c29604
_d29604